00544nam a22001577a 450000500170000001000150001702000300003203500140006203700130007608200140008910000240010324500740012726000450020127000660024630000740031220201222141824.0 aENG-128709 a978-0-19-948762-2c995.00 aEN-112241 bDBAD/PUB a342.54029 aChakrabarty, Bidyut aConstitutionalizing India: an ideational project/bBidyut Chakrabarty aNew DelhibOxford University Pressc2018 bNew Delhie110002a2/11, Ground Floor, Ansari Road, Daryaganj axli+305p.c22cm(hbk)bIncluding bibliographical references and index.